00785 2200313 4500001002100000005001500021035002000036007000300056008004100059020002200100082000800122084001500130100001900145245008400164260004500248300003100293650001100324700002300335990001200358990001200370990001100382990001200393990001100405990001100416990001100427990001100438990001100449990001100460INLIS00000000000201220180530092152 a0010-0518000082ta180530 g 0 ind  a978-602-03-0856-2 a391 a391 DIA d0 aDIAN, Ronawati1 a27 Gaya Jumpsuit untuk Hijab Remaja /cDian Ronawati; editor, Intarina Hardiman aJakarta :bGramedia Pustaka Utama,c2014 a53 hlm. :bilus. ;c23 cm. aFASION0 aINTARINA, Hardiman a16763 a a16763 b a16763b a16763 a a16763a a16763b a16763b a16763a a16763a a16763b